Movies Quiz

Random Movies or Young Adult Quiz

Harry Potter First Names (A-Z) by Image Quiz Stats

Quiz Updated Jan 24, 2018

Challenge
Share
Tweet
Score 0/24 Timer 05:00
3 Plays Today
Hint Answer % Correct
AAlbus Dumbledore
98.2%
HHarry Potter
96.7%
DDraco Malfoy
96%
GGinevra Weasley
94.2%
FFred Weasley
93.4%
LLuna Lovegood
92.4%
BBellatrix Lestrange
92.3%
NNeville Longbottom
90.9%
SSeverus Snape
90.4%
TTom Riddle
87.2%
JJames Potter
85.8%
MMinerva McGonagall
83.6%
Hint Answer % Correct
VViktor Krum
81.7%
PPetunia Dursley
80.7%
RRubeus Hagrid
78.9%
OOliver Wood
77.8%
CCornelius Fudge
74.9%
KKingsley Shacklebolt
71.3%
IIgor Karkaroff
67.5%
XXenophilius Lovegood
56.1%
QQuirinus Quirrell
36.6%
EElphias Doge
32%
ZZacharias Smith
28.4%
WWalden Macnair
11.6%

You're not logged in!

Compare scores with friends on all Sporcle quizzes.
Sign Up with Email
OR
Log In

You Might Also Like...

Show Comments

Extras

Top Quizzes Today


Score Distribution

Your Account Isn't Verified!

In order to create a playlist on Sporcle, you need to verify the email address you used during registration. Go to your Sporcle Settings to finish the process.

Report this User

Report this user for behavior that violates our Community Guidelines.

Details: